Famous Lees Quiz Stats

 Plays Quiz Updated Feb 27, 2019

Score 0/32 Timer 08:00
2 Plays Today
Clue Person % Correct
Commander of the Confederate Army
in the American Civil War
Robert E Lee
76.7%
This Hong Kong raised actor was born in San Francisco in 1940, appropriately, the Year of the Dragon.Bruce Lee
76.5%
This ex-Marine, arrested Nov 22, 1963, was only formally charged with shooting a police officer.Lee Harvey Oswald
71.2%
Before major roles in 'The Fugitive', 'Men In Black'
& 'No Country For Old Men', he was Al Gore's roommate at Harvard.
Tommy Lee Jones
70.9%
This director has helmed 'joints' such as 'Malcolm X',
'Do The Right Thing' and 'Inside Man'
Spike Lee
67.6%
Author of the Pulitzer Prize winning novel
'To Kill A Mockingbird' in 1961.
Harper Lee
65.4%
Subject of the bio-pic 'Great Balls Of Fire', in 1958 his 3rd marriage was to his 13-year-old cousin.Jerry Lee Lewis
65%
Dad dressed like a woman in 'Some Like It Hot'.
Mom was killed in the shower in 'Psycho'.
No wonder her first starring role was 'Halloween'.
Jamie Lee Curtis
63.5%
Speaking of desserts, if their slogan is correct,
'nobody doesn't like' this corporate cakemaker
Sara Lee
61%
He's had small roles in the X-Men, Spider-Man, Fantastic Four & Hulk movies. Why not? He co-created them all.Stan Lee
58%
This former husband of Farrah Fawcett
played Steve Austin, 'The Six Million Dollar Man'.
Lee Majors
57%
Fifteen years co-hosting with Regis was enough.
Now, she cohosts 'Later Today' with Hoda Kotb.
Kathie Lee Gifford
52.2%
His directorial output ranges from 'Brokeback Mountain' to 'Hulk' to 'Crouching Tiger, Hidden Dragon'Ang Lee
50.2%
Sammy Hagar replaced this 'Just A Gigolo' singer
as the vocalist in Van Halen.
David Lee Roth
44.9%
Actor who led 'The Dirty Dozen', and won an Oscar for 'Cat Ballou'Lee Marvin
38.9%
This actor was in his seventies when he played Saruman in 'Lord Of The Rings' and Count Dooku in 'Star Wars'Christopher Lee
38.4%
Clue Person % Correct
This lawyer, whose first initial stood for Francis, defended Patty Hearst and O.J. Simpson.F. Lee Bailey
37.5%
Known as 'Supermex', this golfer won each of
the US Open, British Open and PGA twice.
Lee Trevino
37.4%
In the movie 'Watchmen' he was assassinated, but in real life this Chrysler president introduced the minivanLee Iacocca
33.7%
2008 Cy Young winning pitcher for the Cleveland IndiansCliff Lee
32.8%
At age 16 she had #1s with 'I'm Sorry' &
'I Want To Be Wanted'. In the song 'Radar Love',
she's 'coming on strong'.
Brenda Lee
27.7%
The original Willy Loman in the play 'Death Of A Salesman', his middle initial stands for Jacob.Lee J Cobb
23.8%
1940's burlesque artist whose autobiography became a major Broadway musical.Gypsy Rose Lee
22.6%
Bassist & vocalist of the band Rush, he also sang on Bob & Doug McKenzie's single 'Take Off'.Geddy Lee
22.3%
Lead singer of Evanesance,
she took nine years of classical piano lessons.
Amy Lee
22.2%
This star of 'The Good, The Bad And The Ugly' qualifies here twice, since his last name also includes 'L-E-E'.Lee Van Cleef
18.2%
This country singer also made the pop charts
with 1999's 'I Hope You Dance'.
Lee Ann Womack
18.1%
Rock Hall Of Fame blues guitarist who wrote
'Boogie Chillen' and 'Boom Boom'
John Lee Hooker
12.3%
She won the 1980 Best New Artist Grammy,
primarily for her hit 'Chuck E's In Love'
Rickie Lee Jones
11.3%
She survived the Hollywood blacklist to win an Oscar for Supporting Actress in 'Shampoo'.Lee Grant
8.4%
He played Ned, the piemaker in the TV series
'Pushing Daisies'. Mmmmm, pie...
Lee Pace
6.2%
He is credited as having invented the World Wide Web. We at Sporcle are grateful.Tim Berners-Lee
5.5%

You're not logged in!

Compare scores with friends on all Sporcle quizzes.
OR
Log In

Sporcle TV

Today on Sporcle TV


Watch our educational content, quiz creation guides, and fun videos on Sporcle TV.

Show Comments

Extras

Top Quizzes Today


Score Distribution

Your Account Isn't Verified!

In order to create a playlist on Sporcle, you need to verify the email address you used during registration. Go to your Sporcle Settings to finish the process.

Report this User

Report this user for behavior that violates our Community Guidelines.

Details: